000 00884nam a2200205Ia 4500
001 3253
003 GE_BSU
008 181216s||||||||xx |||||||||||||| ||und||
040 _cGE_BSU
080 _a658.5+622(075.32)
100 _aЯстремская,В.Б. Сыромятников,Е.С. Злотникова,Л.Г, Савицкий, В.Б.
245 _aОрганизация и планирование производства на предприятиях нефтяной и газовой промышленности.
250 _a2-е изд. перераб.и доп.
260 _aМ.
260 _bНедра.
260 _c1978.
300 _a343 стр. 21 см.
653 _aОрганизация и планирование производства на предприятиях нефтяной и газовой промышленности
942 _cBK
999 _c37294
_d37294